Juan Pérez Jolote: biografía de un tzotzil

Saved in:
Bibliografiske detaljer
Hovedforfatter: Pozas A., Ricardo (Author)
Format: Bog
Sprog:spansk
Udgivet: Ciudad de México Fondo de Cultura Económica 1961
Udgivelse:4a. ed
Serier:Colección Popular, 4
Fag:
Tags: Tilføj Tag
Ingen Tags, Vær først til at tagge denne postø!

MARC

LEADER 00000nam a2200000 a 4500
001 UCT6467
003 CL-VaPUC
008 970113e19610000MX |||||||||||||||||spa|d
082 0 4 |a 920  |b POZ  |2 21 
100 0 |a Pozas A., Ricardo  |e author  |9 376669 
245 1 0 |a Juan Pérez Jolote: biografía de un tzotzil 
250 |a 4a. ed 
300 |a 117 p 
942 |c BK 
945 |d 19970113 00:00:00  |a rbrito 
260 |a Ciudad de México  |b Fondo de Cultura Económica  |c 1961 
600 0 7 |a PEREZ JOLOTE, JUAN  |2 CL-VaPUC  |9 376670 
650 0 |a Biografías  |9 255210 
650 0 |a Indígenas  |9 317064 
650 7 |a COSTUMBRES  |2 CL-VaPUC  |9 337506 
651 0 |a México  |9 255269 
651 7 |a CHIAPAS  |2 CL-VaPUC  |9 344344 
583 |a last modification  |c 19970113 00:00:00  |k Rodrigo Vera 
490 0 |a Colección Popular, 4 
999 |c 255169  |d 255167 
952 |0 0  |1 0  |4 0  |6 920_000000000000000_POZ_1961  |7 0  |8 A  |9 277293  |a BIBEDU  |b BIBEDU  |d 2019-11-19  |i 3266818  |o 920 POZ 1961  |p 3266818  |r 2019-11-19  |w 2019-11-19  |y BK  |k LIT